[Event "Is Bankasi Online Satranc Turn.13-14 Yas"]
[Site "T#645826Mustafa Kemal"]
[Date "2020.05.08"]
[Round "3"]
[White "Yusufgunal46"]
[Black "Mehmetutkantop42"]
[Result "0-1"]
[WhiteElo "1631"]
[BlackElo "1605"]
[Annotator "NA RC"]
[PlyCount "88"]
[EventDate "2020.05.08"]
[EventType "swiss (blitz)"]

1. d4 {[%emt 0:00:02]} Nf6 {[%emt 0:00:02]} 2. Bf4 {[%emt 0:00:01]} e6 {[%emt 0:00:01]} 3. e3 {[%emt 0:00:01]} b6 {[%emt 0:00:02]} 4. Nf3 {[%emt 0:00:02]} Bb7 {[%emt 0:00:01]} 5. Nbd2 {[%emt 0:00:01]} Be7 {[%emt 0:00:03]} 6. Bd3 {[%emt 0:00:02]} O-O {[%emt 0:00:01]} 7. h4 {[%emt 0:00:03]} c5 {[%emt 0:00:06]} 8. c3 {[%emt 0:00:01]} Nc6 {[%emt 0:00:01]} 9. Ne5 {[%emt 0:00:10]} cxd4 {[%emt 0:00:03]} 10. exd4 {[%emt 0:00:03]} d6 {[%emt 0:00:12]} 11. Nef3 {[%emt 0:00:03]} Rc8 {[%emt 0:00:10]} 12. h5 {[%emt 0:00:08]} h6 {[%emt 0:00:03]} 13. Qe2 {[%emt 0:00:15]} Re8 {[%emt 0:00:19]} 14. Qe3 {[%emt 0:00:24]} Bf8 {[%emt 0:00:05]} 15. O-O-O {[%emt 0:00:03]} e5 {[%emt 0:00:06]} 16. dxe5 {[%emt 0:00:01]} dxe5 {[%emt 0:00:01]} 17. Bg3 {[%emt 0:00:04]} Qe7 {[%emt 0:00:12]} 18. Ne4 {[%emt 0:00:02]} Nb4 {[%emt 0:00:16]} 19. Nxf6+ {[%emt 0:00:23]} Qxf6 {[%emt 0:00:03]} 20. Bc2 {[%emt 0:00:15]} Nxc2 {[%emt 0:00:02]} 21. Kxc2 {[%emt 0:00:02]} Qf5+ {[%emt 0:00:20]} 22. Kc1 {[%emt 0:00:03]} Bxf3 {[%emt 0:00:14]} 23. gxf3 {[%emt 0:00:04]} e4 {[%emt 0:00:01]} 24. f4 {[%emt 0:00:11]} Bc5 {[%emt 0:00:08]} 25. Qe2 {[%emt 0:00:06]} e3 {[%emt 0:00:02]} 26. f3 {[%emt 0:00:05]} Be7 {[%emt 0:00:40]} 27. Rhe1 {[%emt 0:00:09]} Bf6 {[%emt 0:00:03]} 28. Qd3 {[%emt 0:00:09]} Qxh5 {[%emt 0:00:20]} 29. Rxe3 {[%emt 0:00:02]} Rcd8 {[%emt 0:00:04]} 30. Rxe8+ {[%emt 0:00:06]} Rxe8 {[%emt 0:00:03]} 31. Bf2 {[%emt 0:00:11]} Qa5 {[%emt 0:00:10]} 32. Kb1 {[%emt 0:00:06]} Rd8 {[%emt 0:00:01]} 33. Qc2 {[%emt 0:00:06]} Rxd1+ {[%emt 0:00:01]} 34. Qxd1 {[%emt 0:00:00]} Kh7 {[%emt 0:00:02]} 35. Bd4 {[%emt 0:00:01]} Bxd4 {[%emt 0:00:03]} 36. Qxd4 {[%emt 0:00:00]} h5 {[%emt 0:00:01]} 37. Qe4+ {[%emt 0:00:02]} g6 {[%emt 0:00:01]} 38. Qe7 {[%emt 0:00:09]} Qf5+ {[%emt 0:00:01]} 39. Qe4 {[%emt 0:00:02]} Qxe4+ {[%emt 0:00:01]} 40. fxe4 {[%emt 0:00:00]} h4 {[%emt 0:00:00]} 41. Kc1 {[%emt 0:00:01]} h3 {[%emt 0:00:00]} 42. Kd2 {[%emt 0:00:01]} h2 {[%emt 0:00:00]} 43. Kc2 {[%emt 0:00:03]} h1=Q {[%emt 0:00:00]} 44. Kb3 {[%emt 0:00:01]} Qxe4 {[%emt 0:00:01] Yusufgunal46 terk eder (Lag: Av=0.54s, max=0.8s)} 0-1

[Event "Is Bankasi Online Satranc Turn.13-14 Yas"]
[Site "T#645826Mustafa Kemal"]
[Date "2020.05.08"]
[Round "3"]
[White "Abdulkadircere34"]
[Black "Demirbarkincak08"]
[Result "1/2-1/2"]
[WhiteElo "1620"]
[BlackElo "1620"]
[Annotator "NA RC"]
[PlyCount "132"]
[EventDate "2020.05.08"]
[EventType "swiss (blitz)"]

1. e4 {[%emt 0:00:02]} d5 {[%emt 0:00:09]} 2. exd5 {[%emt 0:00:06]} c6 {[%emt 0:00:03]} 3. Qf3 {[%emt 0:00:06]} cxd5 {[%emt 0:00:06]} 4. Be2 {[%emt 0:00:05]} Nf6 {[%emt 0:00:04]} 5. Nh3 {[%emt 0:00:03]} Ne4 {[%emt 0:00:05]} 6. Nf4 {[%emt 0:00:02]} Nc5 {[%emt 0:00:04]} 7. Nxd5 {[%emt 0:00:04]} Nca6 {[%emt 0:00:06]} 8. Bxa6 {[%emt 0:00:03]} Nxa6 {[%emt 0:00:10]} 9. Qf4 {[%emt 0:00:06]} e6 {[%emt 0:00:07]} 10. Ndc3 {[%emt 0:00:07]} f6 {[%emt 0:00:04]} 11. Ne4 {[%emt 0:00:06]} e5 {[%emt 0:00:03]} 12. Qf3 {[%emt 0:00:05]} Nb4 {[%emt 0:00:05]} 13. Kd1 {[%emt 0:00:09]} Nd5 {[%emt 0:00:07]} 14. Nec3 {[%emt 0:00:06]} Nf4 {[%emt 0:00:12]} 15. g3 {[%emt 0:00:06]} Ne6 {[%emt 0:00:06]} 16. h4 {[%emt 0:00:05]} Bd7 {[%emt 0:00:06]} 17. d3 {[%emt 0:00:05]} Bc6 {[%emt 0:00:03]} 18. Ne4 {[%emt 0:00:09]} f5 {[%emt 0:00:07]} 19. Re1 {[%emt 0:00:08]} fxe4 {[%emt 0:00:04]} 20. Rxe4 {[%emt 0:00:03]} Bxe4 {[%emt 0:00:05]} 21. Qxe4 {[%emt 0:00:02]} Nc5 {[%emt 0:00:07]} 22. Qxe5+ {[%emt 0:00:03]} Be7 {[%emt 0:00:07]} 23. Qxg7 {[%emt 0:00:05]} Rf8 {[%emt 0:00:05]} 24. Qxh7 {[%emt 0:00:04]} Rxf2 {[%emt 0:00:06]} 25. Bh6 {[%emt 0:00:11]} Rf1+ {[%emt 0:00:06]} 26. Ke2 {[%emt 0:00:05]} Rf7 {[%emt 0:00:05]} 27. Qg8+ {[%emt 0:00:04]} Rf8 {[%emt 0:00:04]} 28. Bxf8 {[%emt 0:00:06]} Bxf8 {[%emt 0:00:03]} 29. Qg6+ {[%emt 0:00:10]} Ke7 {[%emt 0:00:11]} 30. Qg5+ {[%emt 0:00:11]} Kd7 {[%emt 0:00:07]} 31. Qxd8+ {[%emt 0:00:02]} Rxd8 {[%emt 0:00:05]} 32. Nc3 {[%emt 0:00:03]} Re8+ {[%emt 0:00:04]} 33. Kd2 {[%emt 0:00:04]} Ne6 {[%emt 0:00:08]} 34. Re1 {[%emt 0:00:03]} Bh6+ {[%emt 0:00:05]} 35. Kd1 {[%emt 0:00:07]} Ng7 {[%emt 0:00:06]} 36. Rxe8 {[%emt 0:00:03]} Kxe8 {[%emt 0:00:04]} 37. a4 {[%emt 0:00:06]} Nf5 {[%emt 0:00:04]} 38. b3 {[%emt 0:00:04]} Nxg3 {[%emt 0:00:03]} 39. Ke1 {[%emt 0:00:07]} Nf5 {[%emt 0:00:05]} 40. Nd5 {[%emt 0:00:06]} Nd6 {[%emt 0:00:04]} 41. Nc7+ {[%emt 0:00:08]} Kd8 {[%emt 0:00:05]} 42. Nb5 {[%emt 0:00:05]} Nxb5 {[%emt 0:00:08]} 43. axb5 {[%emt 0:00:03]} a6 {[%emt 0:00:04]} 44. bxa6 {[%emt 0:00:03]} bxa6 {[%emt 0:00:04]} 45. c4 {[%emt 0:00:02]} a5 {[%emt 0:00:03]} 46. h5 {[%emt 0:00:04]} Kc8 {[%emt 0:00:04]} 47. Ke2 {[%emt 0:00:02]} Kc7 {[%emt 0:00:02]} 48. Kf3 {[%emt 0:00:15]} Kc8 {[%emt 0:00:01]} 49. Ke4 {[%emt 0:00:03]} Kc7 {[%emt 0:00:01]} 50. Kd4 {[%emt 0:00:02]} Kc8 {[%emt 0:00:03]} 51. c5 {[%emt 0:00:04]} Kc7 {[%emt 0:00:01]} 52. Kd5 {[%emt 0:00:02]} Kc8 {[%emt 0:00:01]} 53. c6 {[%emt 0:00:03]} Kd8 {[%emt 0:00:03]} 54. Kd6 {[%emt 0:00:01]} Kc8 {[%emt 0:00:02]} 55. c7 {[%emt 0:00:02]} Bf4+ {[%emt 0:00:05]} 56. Kc6 {[%emt 0:00:04]} Bxc7 {[%emt 0:00:06]} 57. d4 {[%emt 0:00:03]} Bf4 {[%emt 0:00:06]} 58. d5 {[%emt 0:00:01]} Kd8 {[%emt 0:00:03]} 59. d6 {[%emt 0:00:01]} Kc8 {[%emt 0:00:02]} 60. d7+ {[%emt 0:00:02]} Kd8 {[%emt 0:00:02]} 61. h6 {[%emt 0:00:02]} Bxh6 {[%emt 0:00:03]} 62. Kd6 {[%emt 0:00:04]} Bf4+ {[%emt 0:00:05]} 63. Kc6 {[%emt 0:00:02]} Bg5 {[%emt 0:00:02]} 64. Kd6 {[%emt 0:00:01]} Bf4+ {[%emt 0:00:01]} 65. Kc6 {[%emt 0:00:01]} Bg5 {[%emt 0:00:02]} 66. Kd6 {[%emt 0:00:01]} Bf4+ {[%emt 0:00:01] (Lag: Av=1.17s, max=1.8s)} 1/2-1/2

[Event "Is Bankasi Online Satranc Turn.13-14 Yas"]
[Site "T#645826Mustafa Kemal"]
[Date "2020.05.08"]
[Round "3"]
[White "Ahmethamzabayr88"]
[Black "Boranaydin70"]
[Result "0-1"]
[WhiteElo "1620"]
[BlackElo "1370"]
[Annotator "NA RC"]
[PlyCount "50"]
[EventDate "2020.05.08"]
[EventType "swiss (blitz)"]

1. e4 {[%emt 0:00:04]} a6 {[%emt 0:00:03]} 2. Bc4 {[%emt 0:00:03]} b5 {[%emt 0:00:01]} 3. Bd5 {[%emt 0:00:02]} c6 {[%emt 0:00:01]} 4. Bb3 {[%emt 0:00:03]} Bb7 {[%emt 0:00:02]} 5. a3 {[%emt 0:00:02]} c5 {[%emt 0:00:01]} 6. a4 {[%emt 0:00:01]} Bxe4 {[%emt 0:00:04]} 7. c4 {[%emt 0:00:00]} Bxg2 {[%emt 0:00:06]} 8. Nh3 {[%emt 0:00:04]} Bxh1 {[%emt 0:00:03]} 9. axb5 {[%emt 0:00:01]} axb5 {[%emt 0:00:02]} 10. Rxa8 {[%emt 0:00:02]} Bxa8 {[%emt 0:00:00]} 11. cxb5 {[%emt 0:00:06]} Nf6 {[%emt 0:00:02]} 12. Qe2 {[%emt 0:00:05]} e6 {[%emt 0:00:01]} 13. Nc3 {[%emt 0:00:04]} d5 {[%emt 0:00:03]} 14. d4 {[%emt 0:00:00]} cxd4 {[%emt 0:00:04]} 15. Na4 {[%emt 0:00:05]} Bb4+ {[%emt 0:00:13]} 16. Bd2 {[%emt 0:00:11]} Qa5 {[%emt 0:00:02]} 17. Bxb4 {[%emt 0:00:03]} Qxb4+ {[%emt 0:00:01]} 18. Qd2 {[%emt 0:00:01]} Qxb3 {[%emt 0:00:01]} 19. Nc5 {[%emt 0:00:04]} Qxb5 {[%emt 0:00:05]} 20. Nd3 {[%emt 0:00:09]} O-O {[%emt 0:00:09]} 21. Ne5 {[%emt 0:00:00]} Ne4 {[%emt 0:00:05]} 22. Qc2 {[%emt 0:00:05]} d3 {[%emt 0:00:12]} 23. Nxd3 {[%emt 0:00:02]} Nc6 {[%emt 0:00:05]} 24. Nc5 {[%emt 0:00:04]} Nd4 {[%emt 0:00:12]} 25. Qc1 {[%emt 0:00:10]} Qe2# {[%emt 0:00:03] (Lag: Av=0.77s, max=2.5s)} 0-1

[Event "Is Bankasi Online Satranc Turn.13-14 Yas"]
[Site "T#645826Mustafa Kemal"]
[Date "2020.05.08"]
[Round "3"]
[White "Ahmetkeremguve10"]
[Black "Kutayozdemir66"]
[Result "1-0"]
[WhiteElo "1620"]
[BlackElo "1620"]
[Annotator "NA RC"]
[PlyCount "51"]
[EventDate "2020.05.08"]
[EventType "swiss (blitz)"]

1. d4 {[%emt 0:00:03]} d5 {[%emt 0:00:02]} 2. c4 {[%emt 0:00:02]} e6 {[%emt 0:00:02]} 3. Nc3 {[%emt 0:00:02]} Nf6 {[%emt 0:00:02]} 4. Nf3 {[%emt 0:00:03]} c5 {[%emt 0:00:03]} 5. e3 {[%emt 0:00:03]} Nc6 {[%emt 0:00:03]} 6. Bd3 {[%emt 0:00:02]} cxd4 {[%emt 0:00:04]} 7. exd4 {[%emt 0:00:04]} dxc4 {[%emt 0:00:01]} 8. Bxc4 {[%emt 0:00:02]} Bb4 {[%emt 0:00:02]} 9. O-O {[%emt 0:00:03]} O-O {[%emt 0:00:03]} 10. h3 {[%emt 0:00:05]} h6 {[%emt 0:00:02]} 11. Bf4 {[%emt 0:00:05]} Bd7 {[%emt 0:00:05]} 12. a3 {[%emt 0:00:04]} Ba5 {[%emt 0:00:08]} 13. Rc1 {[%emt 0:00:06]} Rc8 {[%emt 0:00:04]} 14. b4 {[%emt 0:00:12]} Bc7 {[%emt 0:00:07]} 15. Bxc7 {[%emt 0:00:04]} Rxc7 {[%emt 0:00:05]} 16. Bd3 {[%emt 0:00:04]} Re8 {[%emt 0:00:08]} 17. Re1 {[%emt 0:00:04]} Bc8 {[%emt 0:00:03]} 18. Ne5 {[%emt 0:00:02]} Nxe5 {[%emt 0:00:03]} 19. dxe5 {[%emt 0:00:02]} Nd5 {[%emt 0:00:02]} 20. Nxd5 {[%emt 0:00:20]} Qxd5 {[%emt 0:00:04]} 21. Rxc7 {[%emt 0:00:02]} Rd8 {[%emt 0:00:03]} 22. Re3 {[%emt 0:00:04]} a5 {[%emt 0:00:16]} 23. Qc2 {[%emt 0:00:06]} Bd7 {[%emt 0:00:11]} 24. Be4 {[%emt 0:00:15]} Qb5 {[%emt 0:00:12]} 25. Rxd7 {[%emt 0:00:07]} Rxd7 {[%emt 0:00:05]} 26. Qc8+ {[%emt 0:00:02] Kutayozdemir66 terk eder (Lag: Av=0.70s, max=0.9s)} 1-0

[Event "Is Bankasi Online Satranc Turn.13-14 Yas"]
[Site "T#645826Mustafa Kemal"]
[Date "2020.05.08"]
[Round "3"]
[White "Alitutuncu38"]
[Black "Berkaybozlak42"]
[Result "1-0"]
[WhiteElo "1620"]
[BlackElo "1406"]
[Annotator "NA RC"]
[PlyCount "47"]
[EventDate "2020.05.08"]
[EventType "swiss (blitz)"]

1. e4 {[%emt 0:00:03]} e5 {[%emt 0:00:01]} 2. Nf3 {[%emt 0:00:01]} Nc6 {[%emt 0:00:01]} 3. Bb5 {[%emt 0:00:01]} Nf6 {[%emt 0:00:03]} 4. O-O {[%emt 0:00:03]} Ng4 {[%emt 0:00:07]} 5. h3 {[%emt 0:00:06]} h5 {[%emt 0:00:01]} 6. d4 {[%emt 0:00:21]} Nf6 {[%emt 0:00:09]} 7. d5 {[%emt 0:00:09]} Nd4 {[%emt 0:00:05]} 8. Nxd4 {[%emt 0:00:02]} exd4 {[%emt 0:00:01]} 9. Qxd4 {[%emt 0:00:01]} b6 {[%emt 0:00:07]} 10. e5 {[%emt 0:00:05]} Bc5 {[%emt 0:00:05]} 11. Qf4 {[%emt 0:00:07]} Nxd5 {[%emt 0:00:03]} 12. Qe4 {[%emt 0:00:01]} Ne7 {[%emt 0:00:05]} 13. Qxa8 {[%emt 0:00:03]} O-O {[%emt 0:00:07]} 14. Qf3 {[%emt 0:00:05]} Ng6 {[%emt 0:00:06]} 15. Bd3 {[%emt 0:00:06]} Nxe5 {[%emt 0:00:03]} 16. Qxh5 {[%emt 0:00:04]} Nxd3 {[%emt 0:00:03]} 17. cxd3 {[%emt 0:00:01]} g6 {[%emt 0:00:10]} 18. Qh6 {[%emt 0:00:11]} Re8 {[%emt 0:00:04]} 19. Bd2 {[%emt 0:00:03]} Qe7 {[%emt 0:00:12]} 20. Bc3 {[%emt 0:00:04]} f6 {[%emt 0:00:01]} 21. Qxg6+ {[%emt 0:00:02]} Kf8 {[%emt 0:00:01]} 22. Bxf6 {[%emt 0:00:02]} Qf7 {[%emt 0:00:11]} 23. Qh6+ {[%emt 0:00:01]} Qg7 {[%emt 0:00:05]} 24. Qxg7# {[%emt 0:00:01] (Lag: Av=0.65s, max=0.9s)} 1-0

[Event "Is Bankasi Online Satranc Turn.13-14 Yas"]
[Site "T#645826Mustafa Kemal"]
[Date "2020.05.08"]
[Round "3"]
[White "Alperkusoglu28"]
[Black "Efesoganci12"]
[Result "1-0"]
[WhiteElo "1620"]
[BlackElo "1620"]
[Annotator "NA RC"]
[PlyCount "129"]
[EventDate "2020.05.08"]
[EventType "swiss (blitz)"]

1. e4 {[%emt 0:00:03]} e5 {[%emt 0:00:02]} 2. f4 {[%emt 0:00:02]} exf4 {[%emt 0:00:02]} 3. Nf3 {[%emt 0:00:02]} Nf6 {[%emt 0:00:04]} 4. Nc3 {[%emt 0:00:04]} Nc6 {[%emt 0:00:04]} 5. d4 {[%emt 0:00:08]} Bb4 {[%emt 0:00:04]} 6. Bd3 {[%emt 0:00:07]} Bxc3+ {[%emt 0:00:03]} 7. bxc3 {[%emt 0:00:02]} O-O {[%emt 0:00:03]} 8. Bxf4 {[%emt 0:00:03]} d6 {[%emt 0:00:07]} 9. O-O {[%emt 0:00:04]} Bg4 {[%emt 0:00:01]} 10. Rb1 {[%emt 0:00:04]} b6 {[%emt 0:00:08]} 11. h3 {[%emt 0:00:07]} Bxf3 {[%emt 0:00:04]} 12. Qxf3 {[%emt 0:00:02]} Re8 {[%emt 0:00:02]} 13. Rbe1 {[%emt 0:00:11]} d5 {[%emt 0:00:10]} 14. e5 {[%emt 0:00:14]} Ne4 {[%emt 0:00:13]} 15. Bxe4 {[%emt 0:00:03]} dxe4 {[%emt 0:00:04]} 16. Qxe4 {[%emt 0:00:01]} Qd7 {[%emt 0:00:07]} 17. d5 {[%emt 0:00:36]} Nxe5 {[%emt 0:00:08]} 18. Bxe5 {[%emt 0:00:04]} f6 {[%emt 0:00:08]} 19. Qd4 {[%emt 0:00:50]} fxe5 {[%emt 0:00:03]} 20. Rxe5 {[%emt 0:00:02]} Rxe5 {[%emt 0:00:02]} 21. Qxe5 {[%emt 0:00:00]} Re8 {[%emt 0:00:09]} 22. Qd4 {[%emt 0:00:03]} c6 {[%emt 0:00:05]} 23. dxc6 {[%emt 0:00:06]} Qxc6 {[%emt 0:00:04]} 24. c4 {[%emt 0:00:14]} Qc5 {[%emt 0:00:05]} 25. Qxc5 {[%emt 0:00:03]} bxc5 {[%emt 0:00:02]} 26. Rf5 {[%emt 0:00:11]} Re2 {[%emt 0:00:04]} 27. Rxc5 {[%emt 0:00:02]} Rxc2 {[%emt 0:00:02]} 28. a3 {[%emt 0:00:01]} Rc3 {[%emt 0:00:04]} 29. a4 {[%emt 0:00:02]} Ra3 {[%emt 0:00:03]} 30. Ra5 {[%emt 0:00:01]} Ra1+ {[%emt 0:00:05]} 31. Kf2 {[%emt 0:00:03]} Rc1 {[%emt 0:00:04]} 32. c5 {[%emt 0:00:04]} Kf7 {[%emt 0:00:05]} 33. Rxa7+ {[%emt 0:00:03]} Ke6 {[%emt 0:00:07]} 34. Ra5 {[%emt 0:00:07]} Kd5 {[%emt 0:00:05]} 35. Ke3 {[%emt 0:00:03]} Rd1 {[%emt 0:00:17]} 36. Rb5 {[%emt 0:00:05]} Rc1 {[%emt 0:00:02]} 37. a5 {[%emt 0:00:02]} Ra1 {[%emt 0:00:02]} 38. Kf4 {[%emt 0:00:02]} h6 {[%emt 0:00:05]} 39. Kf5 {[%emt 0:00:03]} Rg1 {[%emt 0:00:05]} 40. a6 {[%emt 0:00:03]} Rxg2 {[%emt 0:00:03]} 41. a7 {[%emt 0:00:01]} Ra2 {[%emt 0:00:03]} 42. Rb7 {[%emt 0:00:02]} Kxc5 {[%emt 0:00:02]} 43. Rxg7 {[%emt 0:00:02]} Kb6 {[%emt 0:00:10]} 44. Kg6 {[%emt 0:00:02]} Rxa7 {[%emt 0:00:09]} 45. Rxa7 {[%emt 0:00:02]} Kxa7 {[%emt 0:00:02]} 46. Kxh6 {[%emt 0:00:00]} Kb7 {[%emt 0:00:01]} 47. Kg7 {[%emt 0:00:01]} Kc7 {[%emt 0:00:02]} 48. h4 {[%emt 0:00:00]} Kd6 {[%emt 0:00:01]} 49. h5 {[%emt 0:00:00]} Kd5 {[%emt 0:00:02]} 50. h6 {[%emt 0:00:00]} Kd4 {[%emt 0:00:01]} 51. h7 {[%emt 0:00:00]} Kd5 {[%emt 0:00:01]} 52. h8=Q {[%emt 0:00:00]} Ke4 {[%emt 0:00:02]} 53. Qf8 {[%emt 0:00:01]} Kd4 {[%emt 0:00:02]} 54. Qe7 {[%emt 0:00:02]} Kd5 {[%emt 0:00:03]} 55. Kf6 {[%emt 0:00:01]} Kd4 {[%emt 0:00:01]} 56. Kf5 {[%emt 0:00:01]} Kd5 {[%emt 0:00:02]} 57. Qd7+ {[%emt 0:00:02]} Kc4 {[%emt 0:00:03]} 58. Ke4 {[%emt 0:00:01]} Kc5 {[%emt 0:00:02]} 59. Ke5 {[%emt 0:00:01]} Kc4 {[%emt 0:00:03]} 60. Qd4+ {[%emt 0:00:02]} Kb5 {[%emt 0:00:02]} 61. Qc3 {[%emt 0:00:01]} Kb6 {[%emt 0:00:02]} 62. Kd5 {[%emt 0:00:01]} Kb5 {[%emt 0:00:03]} 63. Qb3+ {[%emt 0:00:02]} Ka6 {[%emt 0:00:04]} 64. Kc6 {[%emt 0:00:01]} Ka5 {[%emt 0:00:04]} 65. Qb5# {[%emt 0:00:01] (Lag: Av=0.68s, max=1.1s)} 1-0

[Event "Is Bankasi Online Satranc Turn.13-14 Yas"]
[Site "T#645826Mustafa Kemal"]
[Date "2020.05.08"]
[Round "3"]
[White "Cemeyyam86"]
[Black "Sungurgursu08"]
[Result "0-1"]
[WhiteElo "1620"]
[BlackElo "1620"]
[Annotator "NA RC"]
[PlyCount "122"]
[EventDate "2020.05.08"]
[EventType "swiss (blitz)"]

1. d4 {[%emt 0:00:03]} Nf6 {[%emt 0:00:02]} 2. Nf3 {[%emt 0:00:02]} g6 {[%emt 0:00:01]} 3. Nbd2 {[%emt 0:00:02]} d5 {[%emt 0:00:02]} 4. e3 {[%emt 0:00:02]} Bg7 {[%emt 0:00:01]} 5. b4 {[%emt 0:00:02]} O-O {[%emt 0:00:02]} 6. c4 {[%emt 0:00:03]} c6 {[%emt 0:00:06]} 7. Bb2 {[%emt 0:00:05]} a5 {[%emt 0:00:07]} 8. a3 {[%emt 0:00:28]} Bf5 {[%emt 0:00:03]} 9. c5 {[%emt 0:00:10]} b6 {[%emt 0:00:09]} 10. Be2 {[%emt 0:00:07]} Na6 {[%emt 0:00:15]} 11. Bxa6 {[%emt 0:00:07]} Rxa6 {[%emt 0:00:00]} 12. O-O {[%emt 0:00:02]} Qc7 {[%emt 0:00:20]} 13. Qe2 {[%emt 0:00:05]} Rfa8 {[%emt 0:00:06]} 14. h3 {[%emt 0:00:05]} Ne4 {[%emt 0:00:20]} 15. Nxe4 {[%emt 0:00:10]} Bxe4 {[%emt 0:00:00]} 16. Rfc1 {[%emt 0:00:15]} axb4 {[%emt 0:00:18]} 17. axb4 {[%emt 0:00:04]} Rxa1 {[%emt 0:00:01]} 18. Rxa1 {[%emt 0:00:03]} Rxa1+ {[%emt 0:00:02]} 19. Bxa1 {[%emt 0:00:00]} bxc5 {[%emt 0:00:02]} 20. bxc5 {[%emt 0:00:04]} Qa5 {[%emt 0:00:07]} 21. Qe1 {[%emt 0:00:18]} Qa2 {[%emt 0:00:17]} 22. Nd2 {[%emt 0:00:24]} Bd3 {[%emt 0:00:04]} 23. Qc1 {[%emt 0:00:25]} f6 {[%emt 0:00:26]} 24. Qb2 {[%emt 0:00:03]} Qxb2 {[%emt 0:00:01]} 25. Bxb2 {[%emt 0:00:01]} e5 {[%emt 0:00:04]} 26. dxe5 {[%emt 0:00:18]} fxe5 {[%emt 0:00:00]} 27. Nb3 {[%emt 0:00:02]} Bc4 {[%emt 0:00:19]} 28. Na5 {[%emt 0:00:06]} Bb5 {[%emt 0:00:01]} 29. Nb7 {[%emt 0:00:05]} d4 {[%emt 0:00:06]} 30. exd4 {[%emt 0:00:10]} exd4 {[%emt 0:00:00]} 31. Nd6 {[%emt 0:00:01]} Ba6 {[%emt 0:00:11]} 32. Ne4 {[%emt 0:00:03]} Be5 {[%emt 0:00:16]} 33. Nd2 {[%emt 0:00:03]} Bf4 {[%emt 0:00:03]} 34. Nf3 {[%emt 0:00:03]} d3 {[%emt 0:00:03]} 35. Bc3 {[%emt 0:00:07]} Kf7 {[%emt 0:00:02]} 36. Bd2 {[%emt 0:00:01]} Bxd2 {[%emt 0:00:03]} 37. Nxd2 {[%emt 0:00:00]} Ke6 {[%emt 0:00:01]} 38. Kf1 {[%emt 0:00:01]} Ke5 {[%emt 0:00:01]} 39. Ke1 {[%emt 0:00:02]} Kd5 {[%emt 0:00:02]} 40. Nb3 {[%emt 0:00:01]} Kc4 {[%emt 0:00:02]} 41. Na5+ {[%emt 0:00:02]} Kxc5 {[%emt 0:00:01]} 42. Nb3+ {[%emt 0:00:01]} Kd5 {[%emt 0:00:02]} 43. Kd2 {[%emt 0:00:02]} c5 {[%emt 0:00:01]} 44. Na5 {[%emt 0:00:02]} c4 {[%emt 0:00:02]} 45. g4 {[%emt 0:00:04]} g5 {[%emt 0:00:03]} 46. f3 {[%emt 0:00:02]} h6 {[%emt 0:00:02]} 47. Kd1 {[%emt 0:00:07]} Bb5 {[%emt 0:00:05]} 48. Nb7 {[%emt 0:00:03]} c3 {[%emt 0:00:04]} 49. Na5 {[%emt 0:00:04]} Kd4 {[%emt 0:00:04]} 50. Nb3+ {[%emt 0:00:01]} Ke3 {[%emt 0:00:01]} 51. Nc5 {[%emt 0:00:02]} d2 {[%emt 0:00:07]} 52. Nb3 {[%emt 0:00:02]} Be2+ {[%emt 0:00:04]} 53. Kc2 {[%emt 0:00:02]} d1=Q+ {[%emt 0:00:00]} 54. Kxc3 {[%emt 0:00:01]} Qd3+ {[%emt 0:00:01]} 55. Kb4 {[%emt 0:00:01]} Qc4+ {[%emt 0:00:01]} 56. Ka3 {[%emt 0:00:01]} Bd1 {[%emt 0:00:03]} 57. Nc1 {[%emt 0:00:02]} Qxc1+ {[%emt 0:00:01]} 58. Kb4 {[%emt 0:00:01]} Kd4 {[%emt 0:00:04]} 59. Ka5 {[%emt 0:00:00]} Qb2 {[%emt 0:00:02]} 60. Ka6 {[%emt 0:00:01]} Be2+ {[%emt 0:00:01]} 61. Ka5 {[%emt 0:00:01]} Qb5# {[%emt 0:00:01] (Lag: Av=0.70s, max=1.5s)} 0-1

[Event "Is Bankasi Online Satranc Turn.13-14 Yas"]
[Site "T#645826Mustafa Kemal"]
[Date "2020.05.08"]
[Round "3"]
[White "Civangurbuz34"]
[Black "Hakanyuceturk58"]
[Result "1-0"]
[WhiteElo "1620"]
[BlackElo "1620"]
[Annotator "NA RC"]
[PlyCount "27"]
[EventDate "2020.05.08"]
[EventType "swiss (blitz)"]

1. e4 {[%emt 0:00:02]} d6 {[%emt 0:00:03]} 2. Bc4 {[%emt 0:00:02]} g6 {[%emt 0:00:02]} 3. Qf3 {[%emt 0:00:01]} Nf6 {[%emt 0:00:03]} 4. d3 {[%emt 0:00:07]} Bg7 {[%emt 0:00:03]} 5. h3 {[%emt 0:00:04]} O-O {[%emt 0:00:03]} 6. h4 {[%emt 0:00:03]} a6 {[%emt 0:00:06]} 7. h5 {[%emt 0:00:01]} Bg4 {[%emt 0:00:05]} 8. Qg3 {[%emt 0:00:07]} Bxh5 {[%emt 0:00:04]} 9. Nf3 {[%emt 0:00:03]} Bg4 {[%emt 0:00:07]} 10. Ng5 {[%emt 0:00:02]} Bc8 {[%emt 0:00:12]} 11. Nxh7 {[%emt 0:00:08]} Nxh7 {[%emt 0:00:55]} 12. Qxg6 {[%emt 0:00:03]} Bf5 {[%emt 0:00:11]} 13. exf5 {[%emt 0:00:04]} Qe8 {[%emt 0:00:14]} 14. Qxh7# {[%emt 0:00:03] (Lag: Av=0.59s, max=0.9s)} 1-0